000 00664nam a2200241Ia 4500
003 OSt
005 20220918185214.0
006 a|||||r|||| 00| 0
007 ta
008 220917b |||||||| |||| 00| 0 eng d
024 _a50,103
037 _cTextual
040 _aARTS
_cARTS
_beng
041 _2eng
_aeng
082 _aP:(G), K61 (PD)
100 _aHorne Kibbey M
_968230
245 0 _aLanguage typology
_b 15th and 20th century views
260 _aWashington
_bGeorgetown Univ Press
_c1966
300 _a46p. chart
_ccm.
650 _aLINGUISTICS
942 _hP:(G), K61 (PD)
_cTEXL
_2CC
999 _c179702
_d179702